All 30k+ Cities in France On A Map - Statistics

General Stats
  • This quiz has been taken 83 times
  • The average score is 85 of 280
Answers on the Map
Answers color-coded by a green-red scale on the quiz's map according to % correct below.
 
Answer Stats
Rank Answer Population % Correct
5 Nice 342,669
97%
1 Paris 2,165,423
97%
2 Marseille 870,731
95%
3 Lyon 522,969
93%
8 Strasbourg 287,228
91%
9 Bordeaux 260,958
90%
15 Le Havre 168,290
90%
4 Toulouse 493,465
90%
10 Lille 234,475
88%
7 Montpellier 295,542
88%
6 Nantes 318,808
88%
25 Brest 139,926
84%
11 Rennes 220,488
84%
17 Dijon 158,002
83%
74 Ajaccio 71,361
81%
69 Calais 72,509
81%
40 Caen 106,230
79%
54 Dunkirk 86,279
79%
32 Metz 118,489
79%
12 Reims 181,194
79%
36 Rouen 112,321
79%
16 Grenoble 158,198
78%
41 Nancy 105,058
78%
34 Orléans 116,269
76%
14 Saint-Étienne 173,821
74%
39 Mulhouse 108,312
72%
27 Amiens 134,706
71%
29 Annecy 130,721
71%
67 Cannes 74,545
71%
24 Le Mans 143,847
71%
31 Perpignan 119,344
71%
13 Toulon 178,745
71%
56 Versailles 84,808
71%
23 Aix-en-Provence 145,133
69%
22 Clermont-Ferrand 147,865
69%
21 Nîmes 148,561
69%
65 Pau 75,627
69%
26 Tours 137,087
69%
124 Bayonne 51,894
67%
28 Limoges 130,876
67%
19 Saint-Denis 153,810
67%
35 Saint-Denis 112,852
67%
18 Angers 155,850
66%
75 Colmar 68,682
66%
48 Avignon 91,143
64%
82 Cayenne 65,493
64%
49 Poitiers 89,212
64%
33 Besançon 117,912
62%
61 Béziers 78,308
62%
62 La Rochelle 77,205
60%
105 Narbonne 55,516
60%
87 Quimper 63,283
60%
137 Bastia 48,503
59%
30 Boulogne-Billancourt 121,583
59%
143 Carcassonne 46,825
59%
258 Lens 31,461
59%
100 Lorient 57,246
59%
91 Troyes 61,957
59%
20 Villeurbanne 152,212
59%
129 Arles 50,454
55%
84 Valence 64,749
55%
64 Fort-de-France 76,512
52%
38 Argenteuil 111,038
50%
45 Nanterre 96,277
50%
43 Roubaix 98,828
50%
42 Saint-Paul 103,208
50%
68 Antibes 73,438
48%
170 Valenciennes 43,229
48%
229 Auxerre 34,451
47%
98 Chambéry 58,917
47%
144 Saint-Malo 46,803
47%
73 Saint-Nazaire 71,394
47%
55 Saint-Pierre 84,982
47%
93 Montauban 61,372
45%
37 Montreuil 111,240
45%
44 Tourcoing 98,656
45%
85 Bourges 64,541
43%
196 Chartres 38,534
43%
193 Douai 39,613
40%
185 Gap 40,631
40%
97 Niort 59,193
40%
116 Saint-Quentin 53,570
40%
115 Vannes 53,719
40%
145 Belfort 46,443
38%
234 Mâcon 33,908
38%
178 Arras 41,694
36%
171 Châteauroux 43,122
36%
47 Créteil 93,246
36%
147 Évreux 46,349
36%
112 Fréjus 54,458
36%
108 La Roche-sur-Yon 55,147
36%
131 Laval 49,733
36%
72 Mamoudzou 71,437
36%
247 Agen 32,602
34%
133 Albi 48,902
34%
101 Beauvais 57,071
34%
59 Cherbourg-en-Cotentin 78,549
34%
71 Mérignac 72,197
34%
242 Nevers 33,005
34%
167 Saint-Brieuc 43,605
34%
187 Boulogne-sur-Mer 40,251
33%
146 Charleville-Mézières 46,436
33%
134 Grasse 48,870
33%
58 Le Tampon 79,824
33%
272 Menton 30,525
33%
83 Pessac 65,245
33%
91 Villeneuve-d'Ascq 61,957
33%
251 Épinal 32,256
31%
173 Tarbes 42,758
31%
179 Angoulême 41,603
29%
180 Bourg-en-Bresse 41,111
29%
81 Cergy 65,911
29%
109 Hyères 54,821
29%
104 Meaux 55,750
29%
95 Neuilly-sur-Seine 59,599
29%
184 Thionville 40,778
29%
177 Alès 41,837
28%
50 Aubervilliers 88,948
28%
117 Les Abymes 53,514
28%
164 Sète 43,858
28%
151 Blois 45,898
26%
252 Cambrai 32,176
26%
114 Cholet 54,037
26%
223 Haguenau 35,196
26%
128 Massy 50,644
26%
118 Saint-Louis 53,120
26%
78 Vénissieux 67,285
26%
90 Antony 62,760
24%
88 Clichy 63,089
24%
53 Colombes 86,534
24%
190 Montélimar 39,818
24%
46 Vitry-sur-Seine 95,510
24%
175 Castres 42,079
22%
162 Châlons-en-Champagne 44,379
22%
186 Compiègne 40,615
22%
89 La Seyne-sur-Mer 62,987
22%
77 Noisy-le-Grand 67,871
22%
191 Anglet 39,719
21%
122 Cagnes-sur-Mer 52,178
21%
57 Courbevoie 81,558
21%
166 Istres 43,626
21%
86 Ivry-sur-Seine 63,748
21%
230 Montluçon 34,361
21%
235 Roanne 33,809
21%
231 Sainte-Marie 34,061
21%
96 Sarcelles 59,196
21%
209 Annemasse 36,582
19%
113 Bobigny 54,363
19%
156 Chalon-sur-Saône 45,056
19%
63 Champigny-sur-Marne 76,990
19%
119 Clamart 52,925
19%
70 Drancy 72,376
19%
80 Levallois-Perret 66,082
19%
183 Melun 40,844
19%
248 Pontoise 32,405
19%
102 Saint-André 56,902
19%
159 Saint-Germain-en-Laye 44,806
19%
273 Aix-les-Bains 30,463
17%
111 Bondy 54,587
17%
148 Brive-la-Gaillarde 46,330
17%
213 Creil 36,169
17%
270 Dreux 30,646
17%
135 Martigues 48,574
17%
94 Pantin 59,846
17%
60 Rueil-Malmaison 78,317
17%
140 Aubagne 47,535
16%
52 Aulnay-sous-Bois 86,969
16%
194 Draguignan 39,433
16%
136 Gennevilliers 48,530
16%
76 Issy-les-Moulineaux 67,981
16%
198 Joué-lès-Tours 38,444
16%
244 Le Port 32,977
16%
141 Saint-Herblain 47,415
16%
66 Saint-Maur-des-Fossés 74,976
16%
125 Sevran 51,734
16%
106 Villejuif 55,208
16%
182 Wattrelos 40,898
16%
160 Alfortville 44,805
14%
51 Asnières-sur-Seine 87,143
14%
174 Bron 42,244
14%
107 Chelles 55,154
14%
216 La Ciotat 35,993
14%
158 Les Sables-d'Olonne 45,030
14%
172 Rezé 42,919
14%
142 Saint-Priest 46,927
14%
215 Saint-Raphaël 36,027
14%
154 Salon-de-Provence 45,386
14%
236 Schiltigheim 33,780
14%
165 Talence 43,820
14%
219 Thonon-les-Bains 35,826
14%
189 Colomiers 39,968
12%
103 Maisons-Alfort 56,483
12%
197 Marcq-en-Barœul 38,486
12%
201 Saint-Joseph 37,918
12%
202 Villepinte 37,713
12%
130 Vincennes 49,788
12%
271 Bègles 30,642
10%
257 Châtellerault 31,487
10%
176 Le Cannet 41,887
10%
240 Les Mureaux 33,203
10%
249 Marignane 32,384
10%
152 Meudon 45,818
10%
222 Palaiseau 35,236
10%
155 Puteaux 45,157
10%
280 Saint-Cloud 30,012
10%
139 Saint-Laurent-du-Maroni 47,621
10%
121 Sartrouville 52,774
10%
221 Conflans-Sainte-Honorine 35,536
9%
126 Corbeil-Essonnes 51,234
9%
110 Épinay-sur-Seine 54,611
9%
79 Évry-Courcouronnes 66,851
9%
123 Fontenay-sous-Bois 52,008
9%
192 Gagny 39,661
9%
277 Liévin 30,112
9%
163 Mantes-la-Jolie 43,921
9%
138 Montrouge 48,352
9%
161 Noisy-le-Sec 44,463
9%
195 Poissy 39,187
9%
228 Saint-Leu 34,586
9%
132 Suresnes 49,311
9%
246 Trappes 32,645
9%
120 Vaulx-en-Velin 52,795
9%
212 Villefranche-sur-Saône 36,291
9%
168 Caluire-et-Cuire 43,294
7%
276 Chatou 30,153
7%
149 Choisy-le-Roi 46,150
7%
169 Garges-lès-Gonesse 43,239
7%
245 Houilles 32,801
7%
243 La Possession 32,985
7%
99 Le Blanc-Mesnil 57,498
7%
238 Matoury 33,458
7%
226 Meyzieu 34,640
7%
150 Rosny-sous-Bois 46,024
7%
205 Saint-Benoît 37,036
7%
199 Stains 38,285
7%
207 Villenave-d'Ornon 36,754
7%
239 Vitrolles 33,333
7%
181 Bagneux 40,936
5%
214 Bagnolet 36,060
5%
256 Bezons 31,671
5%
208 Châtillon 36,639
5%
204 Franconville 37,394
5%
157 La Courneuve 45,053
5%
188 Le Lamentin 40,095
5%
254 L'Haÿ-les-Roses 32,071
5%
217 Neuilly-sur-Marne 35,907
5%
232 Nogent-sur-Marne 34,042
5%
263 Plaisir 30,950
5%
225 Saint-Chamond 34,841
5%
255 Saint-Médard-en-Jalles 31,808
5%
127 Saint-Ouen-sur-Seine 50,697
5%
269 Thiais 30,676
5%
275 Villemomble 30,405
5%
220 Athis-Mons 35,670
3%
267 Baie-Mahault 30,837
3%
274 Cachan 30,440
3%
206 Échirolles 36,932
3%
253 Koungou 32,156[7]
3%
153 Livry-Gargan 45,692
3%
263 Malakoff 30,950
3%
266 Pierrefitte-sur-Seine 30,861
3%
268 Rillieux-la-Pape 30,697
3%
241 Romans-sur-Isère 33,098
3%
210 Savigny-sur-Orge 36,577
3%
227 Six-Fours-les-Plages 34,592
3%
211 Tremblay-en-France 36,461
3%
250 Montigny-le-Bretonneux 32,282
2%
203 Pontault-Combault 37,617
2%
278 Romainville 30,087
2%
218 Sainte-Geneviève-des-Bois 35,830
2%
200 Saint-Martin-d'Hères 37,935
2%
233 Châtenay-Malabry 34,021
0%
262 Goussainville 31,068
0%
260 Herblay-sur-Seine 31,314
0%
261 Le Chesnay-Rocquencourt 31,233
0%
237 Le Perreux-sur-Marne 33,588
0%
279 Le Plessis-Robinson 30,061
0%
259 Vigneux-sur-Seine 31,394
0%
224 Villeneuve-Saint-Georges 34,890
0%
265 Viry-Châtillon 30,865
0%
No matching quizzes found
Score Distribution
Percent of People with Each Score
Percentile by Number Answered
Your Score History
You have not taken this quiz